[Event "37th Trade Fair Open A"]
[Site "Brno CZE"]
[Date "2012.08.26"]
[Round "1"]
[White "Sergeev,Vl"]
[Black "Stehlik,Jiri1"]
[Result "1-0"]
[WhiteElo "2481"]
[BlackElo "2007"]

1.Nf3 d5 2.g3 g6 3.c4 c6 4.Qa4 d4 5.d3 Bg7 6.Bg2 e5 7.O-O Ne7 8.Nbd2 O-O
9.b4 h6 10.Rb1 Be6 11.Qc2 Nd7 12.Nb3 Qc7 13.Re1 Rad8 14.a4 f5 15.a5 Kh7 16.e3 dxe3
17.Bxe3 a6 18.Nc5 Bf7 19.Nxd7 Rxd7 20.Bb6 Qb8 21.Qe2 Nc8 22.Nxe5 Bxe5 23.Qxe5 Qxe5
24.Rxe5 Rxd3 25.b5 Bxc4 26.bxc6 bxc6 27.Bxc6 Nd6 28.Bc5 Rf7 29.Bg2 Ba2 30.Ra1 Bb3
31.Bf1 Nc4 32.Bxd3 Nxe5 33.Bxa6 Nf3+ 34.Kf1 Nxh2+ 35.Ke2 Ng4 36.f3 Ne5 37.f4 Nd7
38.Bd4 Re7+ 39.Kd2 Bd5 40.Bb5 Nb8 41.Rc1 Bb7 42.Bf6 Rf7 43.Be8 Rxf6 44.Rc7+ Kg8
45.Rxb7 Na6 46.Rb6 Rxb6 47.axb6 Kg7 48.Kc3 Kf6 49.Kd4 g5 50.Kd5 gxf4 51.gxf4 Nb8
52.Kd6 Na6 53.b7  1-0

[Event "e2e4 Hinckley Open 2012"]
[Site "Hinckley ENG"]
[Date "2012.08.27"]
[Round "6.11"]
[White "Harnett,Robert J"]
[Black "Ganger,Rajan"]
[Result "1/2-1/2"]
[WhiteElo "2013"]
[BlackElo "1965"]

1.Nf3 d5 2.g3 Nf6 3.Bg2 c5 4.c4 e6 5.O-O Nc6 6.cxd5 Nxd5 7.Nc3 Be7 8.d3 O-O
9.a3 b6 10.Nxd5 exd5 11.d4 Bf6 12.e3 cxd4 13.Nxd4  1/2-1/2

[Event "BDO Challengers 2012"]
[Site "Haarlem NED"]
[Date "2012.08.28"]
[Round "4.4"]
[White "Ilic,Zo1"]
[Black "Willemze,T"]
[Result "0-1"]
[WhiteElo "2344"]
[BlackElo "2387"]

1.Nf3 d5 2.g3 e6 3.c4 c5 4.Bg2 Nc6 5.b3 Nf6 6.O-O Be7 7.Bb2 O-O 8.cxd5 exd5
9.d4 Re8 10.Nc3 Bg4 11.dxc5 Bxc5 12.Rc1 Bf8 13.Re1 Qd7 14.Nd4 Bh3 15.Bh1 Rad8
16.e3 Ne5 17.Qe2 Bg4 18.Qf1 Bb4 19.f3 Bh3 20.Bg2 Bxg2 21.Kxg2 Nc6 22.Qd3 Re5
23.Re2 Rh5 24.Nxc6 bxc6 25.Nd1 d4 26.Rc4 c5 27.exd4 Qh3+ 28.Kg1 Be1 29.Rg2 Re8
30.Nf2 Bxf2+ 31.Kxf2 Rf5 32.Bc1 Ng4+  0-1

[Event "40th Olympiad Open"]
[Site "Istanbul TUR"]
[Date "2012.08.28"]
[Round "1.42"]
[White "Drasko,M"]
[Black "Gateri,M"]
[Result "1/2-1/2"]
[WhiteElo "2479"]
[BlackElo "2082"]

1.Nf3 d5 2.g3 Nf6 3.Bg2 e6 4.O-O Be7 5.c4 O-O 6.b3 c5 7.Bb2 Nc6 8.e3 d4 9.exd4 cxd4
10.Re1 a5 11.d3 Re8 12.a3 Rb8 13.Nbd2 Bc5 14.Ng5 Bf8 15.f4 e5 16.Nde4 h6
17.Nxf6+ Qxf6 18.Ne4 Qd8 19.Qf3 Bf5 20.fxe5 Bxe4 21.Rxe4 Nxe5 22.Qe2 Nc6
23.Rxe8 Qxe8 24.Re1 Qxe2 25.Rxe2 Bc5 26.Bd5 Ne7 27.Bf3 Kf8 28.Kf2 b6 29.Be4 b5
30.b4 axb4 31.axb4 Bxb4 32.Bxd4 bxc4 33.dxc4 Rc8 34.Rc2 Bc5 35.Ke3 Ke8 36.Bxc5 Rxc5
37.Kd4 Rc7 38.c5 Kd7 39.Kc4 Ra7 40.Kb5 Kc7 41.Rf2 f6 42.g4 Ra3 43.Re2 Rb3+
44.Kc4 Ra3 45.Kb4 Ra1 46.Kb5 Ra3 47.Bf5 Nc6 48.Re8 Rb3+ 49.Kc4 Rb8 50.Rxb8 Nxb8
51.Kd5 Nc6 52.h4 g6 53.Ke6 gxf5 54.gxf5 Ne5 55.Kxf6 Nd7+ 56.Kg6 Nxc5 57.Kxh6 Kd7
58.Kg7 Ke8 59.h5 Nd7 60.h6 Ne5 61.h7 Nf7 62.f6 Nh8  1/2-1/2

[Event "40th Olympiad Women"]
[Site "Istanbul TUR"]
[Date "2012.08.28"]
[Round "1.40"]
[White "Vojinovic,J"]
[Black "Lin,Y"]
[Result "1-0"]
[WhiteElo "2337"]
[BlackElo "1482"]

1.Nf3 d5 2.g3 c6 3.Bg2 Nf6 4.O-O g6 5.c4 Bg7 6.Qc2 O-O 7.d3 Re8 8.Bf4 Nh5
9.Bxb8 Rxb8 10.cxd5 cxd5 11.Nbd2 Qb6 12.Rfb1 Bg4 13.a4 Rec8 14.Qd1 Rc7 15.a5 Qe6
16.Nb3 Rbc8 17.Nfd4 Qd7 18.Qf1 e5 19.h3 Be6 20.Nxe6 fxe6 21.Rc1 Rxc1 22.Rxc1 Rf8
23.Nc5 Qe7 24.Qe1 Bh6 25.e3 b6 26.axb6 axb6 27.Na6 Ra8 28.Nb4 Rf8 29.Rc6 Qd8
30.Rxe6 Nf6 31.Rxe5 Qd6 32.d4 Bg7 33.Nxd5 Nd7 34.Re7 Rd8 35.Re4 Rf8 36.Rf4 Re8
37.Qb4 Qb8 38.Qb5 Qc8 39.Nxb6 Qc1+ 40.Kh2 Nxb6 41.Qxe8+  1-0

[Event "19th Graz Open 2012"]
[Site "Graz AUT"]
[Date "2012.08.29"]
[Round "5.23"]
[White "Rudolph,K"]
[Black "Drnovsek,N"]
[Result "0-1"]
[WhiteElo "1917"]
[BlackElo "2107"]

1.Nf3 d5 2.g3 Nf6 3.Bg2 c6 4.O-O Bg4 5.d3 Nbd7 6.Nbd2 e5 7.h3 Bh5 8.g4 Bg6
9.Nh4 Nc5 10.Re1 Ne6 11.e3 Qc7 12.Nf1 Bd6 13.Nf5 Bxf5 14.gxf5 Nc5 15.e4 dxe4
16.dxe4 O-O-O 17.Qe2 g6 18.Bg5 Be7 19.Qc4 b5 20.Qxf7 Rdf8 21.Qg7 Rhg8 22.Qh6 Rf7
23.Bxf6 Bxf6 24.Qe3 Qe7 25.Ng3 Rfg7 26.Kh1 Bg5 27.Qc3 Kb7 28.fxg6 hxg6 29.b3 Rd8
30.Red1 Rgg8 31.Qa5 Rxd1+ 32.Rxd1 Rf8 33.Kg1 Bh4 34.Qe1 Ne6 35.c3 Qc5 36.Kh2 Rxf2
37.b4 Qf8 38.Rd7+ Kc8 39.Rxa7 Bxg3+ 40.Kh1 Kb8 41.Rd7 Rxg2  0-1

[Event "40th Olympiad Women"]
[Site "Istanbul TUR"]
[Date "2012.08.29"]
[Round "2.24"]
[White "Seps,M"]
[Black "Mkrtchian,L"]
[Result "0-1"]
[WhiteElo "2227"]
[BlackElo "2454"]

1.Nf3 d5 2.g3 c5 3.Bg2 Nc6 4.d4 Nf6 5.O-O e6 6.c4 Be7 7.cxd5 exd5 8.dxc5 Bxc5
9.Bg5 O-O 10.Nc3 d4 11.Bxf6 Qxf6 12.Nd5 Qd8 13.Nd2 Bg4 14.Nb3 Bb6 15.Rc1 Qd6
16.Qd2 Rfe8 17.Rfe1 Be6 18.Nxb6 axb6 19.Bxc6 bxc6 20.Qxd4 Qc7 21.Ra1 c5 22.Qc3 h5
23.a3 h4 24.Nd4 Bg4 25.Nf3 h3 26.Rad1 Qc6 27.Rd3 Re7 28.Qd2 Rae8 29.Qf4 Re4
30.Qd2 Bxf3 31.Rxf3 Rd4 32.Qc3 Rxe2 33.Kf1 Rxe1+ 34.Kxe1 Qe4+  0-1

[Event "40th Olympiad Women"]
[Site "Istanbul TUR"]
[Date "2012.08.29"]
[Round "2.5"]
[White "Gomes,Mary"]
[Black "Nguyen Thu Giang"]
[Result "1-0"]
[WhiteElo "2396"]
[BlackElo "2105"]

1.Nf3 d5 2.g3 c6 3.Bg2 Bg4 4.d3 Nd7 5.O-O Ngf6 6.Nbd2 e6 7.b3 Bc5 8.Bb2 O-O
9.e4 dxe4 10.dxe4 Bxf3 11.Qxf3 e5 12.Nc4 Qe7 13.Rad1 h5 14.Bh3 b5 15.Bxd7 bxc4
16.Bxc6 Rac8 17.Bd5 cxb3 18.cxb3 Bb6 19.Bc4 Rfd8 20.h3 Qb7 21.Rde1 Bd4 22.Bc1 Rd6
23.Kg2 g6 24.Ba3 Rb6 25.Rc1 Rd8 26.Bd3 Nh7 27.Qe2 Qd7 28.h4 Nf6 29.f3 a5
30.Rfd1 Qb7 31.Rc4 Ne8 32.Rdc1 Qd7 33.Ra4 Rf6 34.Rxa5 Nc7 35.Bb5 Nxb5 36.Rxb5 Ra8
37.Bc5 Rc6 38.Rd1 Rca6 39.a4 Rc8 40.Bxd4 exd4 41.Rd5  1-0

[Event "40th Olympiad Open"]
[Site "Istanbul TUR"]
[Date "2012.08.29"]
[Round "2.11"]
[White "Pantsulaia,L"]
[Black "Fridman,D"]
[Result "1/2-1/2"]
[WhiteElo "2575"]
[BlackElo "2653"]

1.Nf3 d5 2.g3 Nf6 3.Bg2 e6 4.O-O Be7 5.c4 O-O 6.b3 c5 7.e3 Nc6 8.Bb2 b6 9.Nc3 dxc4
10.bxc4 Bb7 11.Qe2 Qc7 12.Nb5 Qb8 13.d4 Re8 14.Rfd1 a6 15.Nc3 cxd4 16.exd4 Na5
17.d5 Bf8 18.dxe6 Rxe6 19.Qf1 Qc8 20.Ng5 Bxg2 21.Qxg2 Rc6 22.Nd5 Nxc4 23.Bxf6 gxf6
24.Ne4 f5 25.Nef6+ Kh8 26.Qh3 h6 27.Ne7 Qe6 28.Nxc6 Qxf6 29.Nd4 Nb2 30.Rd2 Nc4
31.Rdd1 Nb2 32.Rd2  1/2-1/2

[Event "19th Graz Open 2012"]
[Site "Graz AUT"]
[Date "2012.08.30"]
[Round "6.25"]
[White "Rudolph,K"]
[Black "Zoebisch,H"]
[Result "0-1"]
[WhiteElo "1917"]
[BlackElo "2108"]

1.Nf3 d5 2.g3 c6 3.Bg2 Bg4 4.O-O Nd7 5.d3 e5 6.Nbd2 Ngf6 7.h3 Bh5 8.g4 Bg6
9.Nh4 Bc5 10.c3 O-O 11.b4 Bb6 12.Nb3 Re8 13.Nxg6 hxg6 14.e4 dxe4 15.dxe4 Qc7
16.c4 Rad8 17.Qe2 c5 18.a3 Rc8 19.b5 a5 20.Bd2 Nf8 21.Qe1 Ra8 22.Nc1 Ne6
23.Ne2 Nd4 24.Ra2 Nxe2+ 25.Qxe2 Nd7 26.f4 Qd8 27.f5 g5 28.Qe3 f6 29.Be1 Qe7
30.h4 gxh4 31.Bxh4 Qf7 32.Rc1 Nf8 33.Bf3 Rad8 34.g5 fxg5 35.Bxg5 Rd4 36.Be2 Bd8
37.Bxd8 Rexd8 38.Kf2 Nh7 39.Rh1 Nf6 40.Rh4 b6 41.Ra1 Qb7 42.Rah1 Rxe4 43.Rh8+ Kf7
44.Qg5 Rxe2+ 45.Kxe2 Qe4+ 46.Qe3 Qc2+  0-1

[Event "11th Istanbul Open A"]
[Site "Istanbul TUR"]
[Date "2012.08.30"]
[Round "1"]
[White "Kok,E"]
[Black "Grigoriev,A"]
[Result "0-1"]
[WhiteElo "1865"]
[BlackElo "2292"]

1.Nf3 d5 2.g3 g6 3.Bg2 Bg7 4.d4 Nf6 5.O-O O-O 6.c3 c6 7.Nbd2 Bf5 8.Nh4 Be6
9.f4 Qc8 10.e4 dxe4 11.Nxe4 Nbd7 12.f5 Bd5 13.Qe2 Nb6 14.b3 a5 15.Ba3 Re8
16.c4 Bxe4 17.Bxe4 a4 18.Bb2 axb3 19.axb3 Rxa1 20.Bxa1 Nxe4 21.Qxe4 e6 22.f6 Bf8
23.Nf3 Nd7 24.Ne5 Qd8 25.Bb2 Nxf6 26.Qf4 Bg7 27.c5 Rf8 28.Nc4 Qd5 29.Nd6 Qxb3
30.Bc1 b5 31.g4 Qd5 32.Be3 g5 33.Qxg5 Qxg5 34.Bxg5 Nd5 35.Rd1 Nc3 36.Rd3 b4
37.Kg2 Nd5 38.h4 Rb8 39.h5 b3 40.h6 b2 41.Rf3 b1=Q 42.hxg7 Rb2+  0-1

[Event "40th Olympiad Open"]
[Site "Istanbul TUR"]
[Date "2012.08.30"]
[Round "3.12"]
[White "Porper,E"]
[Black "Lorenzini,M"]
[Result "1/2-1/2"]
[WhiteElo "2418"]
[BlackElo "2482"]

1.Nf3 d5 2.g3 c6 3.Bg2 Bg4 4.O-O Nd7 5.d3 e6 6.Qe1 Bd6 7.Nbd2 Ne7 8.e4 O-O
9.Nh4 e5 10.Kh1 Qc7 11.Ndf3 dxe4 12.dxe4 f6 13.Ng1 Be6 14.Qe2 Bc5 15.Bf3 Rad8
16.Bg4 Bf7 17.Rd1 Nb6 18.Be3 Bxe3 19.Qxe3 Rxd1 20.Rxd1 Rd8 21.Rxd8+ Qxd8
22.b3 Nbc8 23.Kg2 b6 24.Ne2 Nd6 25.Nc3 Qc7 26.f4 Ng6 27.Nxg6 Bxg6 28.Be6+ Bf7
29.Bxf7+ Nxf7 30.f5 Qd6 31.Qd3 Qc5 32.Nd1 Kf8 33.c3 Qa3 34.Qd2 Ke7 35.Nf2 a5
36.Kf3 Ng5+ 37.Ke2 Nf7 38.g4 Qc5 39.Qe3 Qxe3+ 40.Kxe3 Nd6  1/2-1/2

[Event "40th Olympiad Open"]
[Site "Istanbul TUR"]
[Date "2012.08.30"]
[Round "3.24"]
[White "Pantsulaia,L"]
[Black "Smeets,J"]
[Result "1/2-1/2"]
[WhiteElo "2575"]
[BlackElo "2608"]

1.Nf3 d5 2.g3 Nf6 3.Bg2 c6 4.c4 dxc4 5.O-O Nbd7 6.Na3 Nb6 7.Qc2 Be6 8.Ne5 Qd4
9.Nxc6 bxc6 10.Bxc6+ Kd8 11.Nb5 Qc5 12.Bxa8 Qxb5 13.Bg2 h5 14.d3 cxd3 15.Rd1 Bf5
16.e4 Nxe4 17.Qxd3+ Qxd3 18.Rxd3+ Nd6 19.Ra3 Nbc8 20.Be3 g5 21.Rd1 Bg7 22.Bxa7 Bxb2
23.Ra6 Nxa7 24.Rxa7 Rh6 25.a4 e5 26.Rxf7 Bd4 27.Rg7 Bc2 28.Rd2 Bxa4 29.Rxg5 h4
30.Bd5 Ke7 31.Ra2 Bb5 32.Ra8 h3 33.Rg7+ Kf6 34.Rc7 e4 35.Rf8+ Ke5 36.Bb3 Bb6
37.Re7+ Kd4 38.Re6 Rxe6 39.Bxe6 e3 40.fxe3+ Kxe3 41.Bxh3 Kd2+ 42.Kh1 Ne4
43.Bf1 Nf2+ 44.Rxf2+ Bxf2 45.Bxb5  1/2-1/2

[Event "40th Olympiad Open"]
[Site "Istanbul TUR"]
[Date "2012.08.30"]
[Round "3.28"]
[White "Valdes,Le"]
[Black "Michiels,B"]
[Result "1/2-1/2"]
[WhiteElo "2366"]
[BlackElo "2509"]

1.Nf3 d5 2.g3 Nf6 3.c4 c6 4.Bg2 dxc4 5.O-O Nbd7 6.Qc2 Nb6 7.a4 a5 8.Na3 Be6
9.Ng5 Bg4 10.Nxc4 Bxe2 11.Ne5 Bh5 12.Re1 Nbd7 13.d4 e6 14.Bf3 Nxe5 15.Bxh5 Ng6
16.Rxe6+ Be7 17.Bxg6 hxg6 18.Re1 O-O 19.Bd2 Nd5 20.Ne4 Re8 21.Nc5 Qc7 22.Nb3 b6
23.Rac1 Rac8 24.Qc4 Qd7 25.Qa6 Bf6 26.Rxe8+ Rxe8 27.Qc4 Re6 28.Bxa5 bxa5
29.Nc5 Qe7 30.Nxe6 Qxe6 31.Qxc6 Bxd4 32.Qxe6 fxe6 33.Rc8+ Kf7 34.Ra8 Bb6
35.Rb8 g5 36.h3 Bc5 37.Ra8 Bb4 38.Kf1 Nf6 39.Ra7+ Kg6 40.Ra6 Kf5 41.Ra7 Kg6
42.Ra6 Kf7 43.Ra7+ Kg8 44.Ra6 e5 45.Rc6 Nd7 46.Ke2 Nc5 47.Ke3 Nxa4 48.Rc2 Nc5
49.Kf3 Kf7 50.Kg4 Kg6 51.Re2 Nd7 52.Kf3 Kf5 53.Rc2 Bc5 54.Rc4 Ke6 55.Ra4 Bb4
56.Ra1 Nc5 57.Ke3 Kd5 58.h4 gxh4 59.gxh4 Bd2+ 60.Ke2 Kc4 61.Rg1 Bh6 62.Rg3 a4
63.Rc3+ Kb4 64.Rg3 e4 65.Rg6 Nd3 66.Rb6+ Kc4 67.Rb7 Nf4+ 68.Kf1 Ng6 69.Ra7 Kb3
70.Rb7+ Kc4 71.Ra7 Kb5 72.Rb7+ Kc5 73.Ra7 Nxh4 74.Rxa4 Nf3 75.Ke2 Nd4+ 76.Kf1 e3
77.fxe3 Bxe3 78.Kg2 Bg5 79.Kg3 Bf6 80.Kg4 Nc6 81.b3 Nd4 82.Rc4+ Kb5 83.Kh5 Nxb3
84.Rc7 Nc5 85.Kg6 Ne6 86.Rxg7 Bxg7 87.Kf7 Bc3 88.Kxe6  1/2-1/2

[Event "40th Olympiad Open"]
[Site "Istanbul TUR"]
[Date "2012.08.30"]
[Round "3.63"]
[White "Asabri,Ha"]
[Black "Smith,Michael ISV"]
[Result "1-0"]
[WhiteElo "2179"]
[BlackElo "1596"]

1.Nf3 d5 2.g3 Bf5 3.Bg2 Qd7 4.h3 Nf6 5.d4 c5 6.Ne5 Qc8 7.c4 e6 8.Qa4+ Nbd7
9.O-O cxd4 10.cxd5 Bd6 11.Nxd7 Qxd7 12.Qxd7+ Kxd7 13.dxe6+ Bxe6 14.Rd1 Rac8
15.e3 Rc2 16.exd4 Rhc8 17.Nc3 Bb4 18.Ne4 Nxe4 19.Bxe4 R2c7 20.g4 Bxa2 21.Bf4 Bc4
22.Bxc7 Rxc7 23.Rxa7 Ba6 24.Bd3 Be7 25.Bxa6 bxa6 26.Rxa6 Rb7 27.Rd2 Bg5 28.Re2 Bf6
29.Ra4 Rb3 30.Kg2 Rd3 31.Ra7+ Kd6 32.Re8 Bxd4 33.Rd8+ Ke6 34.Ra1  1-0

[Event "40th Olympiad Women"]
[Site "Istanbul TUR"]
[Date "2012.08.30"]
[Round "3.2"]
[White "Michna,Mart"]
[Black "Khurtsidze,N"]
[Result "1-0"]
[WhiteElo "2380"]
[BlackElo "2444"]

1.Nf3 d5 2.g3 Bg4 3.Bg2 Nd7 4.O-O e6 5.d3 Bd6 6.c4 Ngf6 7.cxd5 exd5 8.Nc3 c6
9.Nd4 Nc5 10.h3 Bd7 11.e4 Be5 12.Be3 Ne6 13.Nxe6 Bxe6 14.d4 Bc7 15.Bg5 Qd7
16.Bxf6 gxf6 17.exd5 cxd5 18.Rc1 O-O-O 19.Qa4 Kb8 20.Qxd7 Rxd7 21.Na4 b6
22.Rfe1 Rg8 23.Re3 f5 24.f4 Bd8 25.Nc3 Bf6 26.Ne2 Rc8 27.Rec3 Rdc7 28.Rxc7 Rxc7
29.Rxc7 Kxc7 30.Kf2 Kd6 31.Ke3 Bd8 32.Nc3 a6 33.Bf1 Bc8 34.Bd3 Bf6 35.Ne2 h6
36.Ng1 Be7 37.Nf3 Ke6 38.a3 Bd8 39.Ne5 Bc7 40.Bb1 Bd6 41.Nf3 Be7 42.Bd3 Bd8
43.Ne1 Bf6 44.Nc2 a5 45.Kd2 Bd7 46.Kc3 Bd8 47.Ne3 Kd6 48.Bxf5 Bb5 49.Bg4 Be8
50.Nf5+ Kc6 51.Nxh6 f6 52.Nf5 Bg6 53.Ne3 Be4 54.h4 Be7 55.h5 Bf8 56.Bf5 Bf3
57.Bg6 b5 58.b4 axb4+ 59.axb4 Kd7 60.Nf5 Be4 61.Nh4 Bh1 62.Bd3 Kc6 63.Nf5  1-0

[Event "World Youth U16 Olympiad 2012"]
[Site "Istanbul TUR"]
[Date "2012.08.31"]
[Round "4.4"]
[White "Akash Pc,I"]
[Black "Lorparizangeneh,S"]
[Result "1/2-1/2"]
[WhiteElo "2182"]
[BlackElo "2201"]

1.Nf3 d5 2.g3 Nf6 3.Bg2 c6 4.O-O Bf5 5.b3 h6 6.Ba3 Nbd7 7.d3 e6 8.Bxf8 Nxf8
9.Nbd2 N8d7 10.Re1 O-O 11.e4 Bh7 12.e5 Ne8 13.Nh4 f6 14.exf6 Qxf6 15.f4 g5
16.Qg4 Ng7 17.fxg5 Qf2+ 18.Kh1 Qxd2 19.g6 Rf6 20.gxh7+ Kxh7 21.Re2 Qc3 22.Rae1 Raf8
23.Kg1 a5 24.Bh3 R8f7 25.Bg2 Rf8 26.Bh3  1/2-1/2

[Event "40th Olympiad Open"]
[Site "Istanbul TUR"]
[Date "2012.08.31"]
[Round "4.27"]
[White "Danielsen,Hen"]
[Black "Ali Marandi,C"]
[Result "1-0"]
[WhiteElo "2511"]
[BlackElo "2362"]

1.Nf3 d5 2.g3 Bg4 3.Bg2 e6 4.c4 c6 5.cxd5 exd5 6.O-O Nf6 7.d3 Nbd7 8.Nc3 Bd6
9.Qc2 O-O 10.e4 Re8 11.h3 Bxf3 12.Bxf3 Qc7 13.Bg2 Rad8 14.f4 Bc5+ 15.Kh2 Nf8
16.e5 N6d7 17.d4 Bxd4 18.Nxd5 Qb8 19.Ne3 Ne6 20.Nf5 Bc5 21.Bd2 Nd4 22.Nxd4 Bxd4
23.Ba5 Bb6 24.Bc3 Nc5 25.Rae1 Qc7 26.h4 Ne6 27.Be4 h6 28.h5 Bd4 29.Bd2 Qb6
30.Bc1 Nc5 31.Bh7+ Kh8 32.Bf5 Rd5 33.Re2 Red8 34.b3 Qa6 35.Rfe1 Qa5 36.a3 Qb5
37.b4 Na4 38.Rg2 Bc3 39.Ree2 Rd1 40.g4 Qc4 41.e6 fxe6 42.Bxe6 Qd4 43.Bb3 Qf6
44.g5 hxg5 45.Qg6 Qxg6 46.hxg6 R1d5 47.Bxa4 gxf4 48.Bxf4 Rh5+ 49.Kg3  1-0

[Event "40th Olympiad Women"]
[Site "Istanbul TUR"]
[Date "2012.08.31"]
[Round "4.49"]
[White "Jose Polanco,Ken"]
[Black "Lin,Y"]
[Result "1-0"]
[WhiteElo "1954"]
[BlackElo "1482"]

1.Nf3 d5 2.g3 c6 3.Bg2 Nf6 4.O-O g6 5.d4 Bg7 6.Nbd2 O-O 7.Re1 Ne4 8.c3 f5
9.Qb3 Nd7 10.Nxe4 fxe4 11.Ng5 Qb6 12.Ne6 Rf6 13.Nxg7 Kxg7 14.f3 exf3 15.exf3 Rf7
16.Qa3 Qd8 17.Bg5 Nf6 18.Re2 h6 19.Bd2 Bf5 20.Rae1 Ng8 21.Qb4 b6 22.Qa4 Bd7
23.Qb3 Qf8 24.c4 e6 25.Qc3 Ne7 26.Qc1 Ng8 27.Bf4 Qb4 28.b3 Re8 29.h4 h5 30.Bh3 Ref8
31.Bxe6 Bxe6 32.Rxe6 dxc4 33.Bd6 Qa5 34.Bxf8+ Rxf8 35.Qb1 Nf6 36.bxc4 Qd2
37.Qa1 Qc2 38.Rxc6 Ng4 39.d5+ Kg8 40.Rxg6+ Qxg6 41.fxg4 Qxg4 42.Qe5 Qf3 43.Qe6+ Kh8
44.Qe3 Qg4 45.Qh6+ Kg8 46.Qg5+ Qxg5 47.hxg5 Rf5 48.d6 Rxg5 49.d7 Rxg3+ 50.Kf2  1-0

[Event "40th Olympiad Open"]
[Site "Istanbul TUR"]
[Date "2012.08.31"]
[Round "4.43"]
[White "Giasi,V"]
[Black "Kindermann,S"]
[Result "0-1"]
[WhiteElo "1975"]
[BlackElo "2498"]

1.Nf3 d5 2.g3 c6 3.d4 Bf5 4.Bg2 Nf6 5.O-O h6 6.Nbd2 e6 7.c4 Nbd7 8.a3 a5
9.b3 Be7 10.Re1 Ne4 11.Bb2 O-O 12.Nxe4 Bxe4 13.Nd2 Bxg2 14.Kxg2 Nf6 15.Qc2 Qb6
16.c5 Qb5 17.Qd3 Qxd3 18.exd3 Ne8 19.f4 Nc7 20.Nf3 a4 21.b4 Bf6 22.Ne5 Nb5
23.Rac1 Rad8 24.Nf3 Rfe8 25.Ne5 g6 26.Re2 Bg7 27.Rce1 Re7 28.h3 Kh7 29.Nf3 Rde8
30.Ne5 f6 31.Nf3 g5 32.f5 Kg8 33.g4 Kf7 34.Kf2 Nc7 35.Kg3 exf5 36.Rxe7+ Rxe7
37.Rxe7+ Kxe7 38.gxf5 h5 39.Ne1 Bh6 40.Nc2 Ne8 41.Bc1 Kd7 42.Bd2 Bf8 43.Ne3 Nc7
44.Nc2 Be7 45.Be1 Bd8 46.Kf3 Nb5 47.Bg3 Be7 48.Bh2 Bf8 49.Bg1 g4+ 50.hxg4 hxg4+
51.Ke2 Bh6 52.Be3 Bg5 53.Bxg5 fxg5 54.Kf2 Ke7 55.Kg3 Kf7 56.Kxg4 Kf6 57.Kg3 Kxf5
58.Ne3+ Kg6 59.Nd1 Nxa3 60.Nc3 Nc2 61.Nxa4 Nxb4 62.Nb6 Nc2 63.Nc8 Nxd4 64.Kg4 Ne6
65.d4 Nxd4 66.Nd6 Nb3 67.Nxb7 d4 68.Nd8 d3 69.Kf3 g4+ 70.Ke3 d2 71.Ke2 g3
72.Nxc6 g2 73.Ne5+ Kf6 74.Nf3 Nd4+  0-1

[Event "40th Olympiad Women"]
[Site "Istanbul TUR"]
[Date "2012.08.31"]
[Round "4.54"]
[White "Matoussi,Ami"]
[Black "Safar,A"]
[Result "1-0"]
[WhiteElo "1789"]
[BlackElo "1575"]

1.Nf3 d5 2.g3 Nf6 3.Bg2 Bg4 4.O-O Qd7 5.Ne5 Qd6 6.Nxg4 Nxg4 7.c4 Nf6 8.Qb3 e6
9.Qxb7 Qc6 10.Qxc6+ Nxc6 11.Nc3 O-O-O 12.d3 Nd4 13.Bg5 dxc4 14.dxc4 Bb4 15.Nb5 Nxe2+
16.Kh1 Bc5 17.b4 Bd4 18.Rad1 a6 19.Nxd4 Rxd4 20.Rxd4 Nxd4 21.Rd1 Nc2 22.b5 axb5
23.cxb5 Na3 24.Bc6 Rd8 25.Bb7+ Kxb7 26.Rxd8 Ne4 27.Be3 Nxb5 28.Rd3 Kc8 29.a4 Nbd6
30.f3 Nf6 31.a5 Nc4 32.a6 Nxe3 33.Rb3 Ned5 34.a7 Nb6 35.Rxb6  1-0

[Event "11th Istanbul Open A"]
[Site "Istanbul TUR"]
[Date "2012.09.01"]
[Round "3"]
[White "Harutjunyan,G"]
[Black "Dzhumadullayev,K"]
[Result "0-1"]
[WhiteElo "2449"]
[BlackElo "2254"]

1.Nf3 d5 2.g3 Nf6 3.Bg2 Bf5 4.b3 e6 5.Bb2 Be7 6.O-O h6 7.d3 O-O 8.Nbd2 c5
9.c4 Nc6 10.a3 d4 11.Ne1 e5 12.Nc2 Qd7 13.Re1 a5 14.e4 dxe3 15.Nxe3 Bxd3
16.Nd5 Nxd5 17.Bxd5 Nd4 18.Nf3 Nxf3+ 19.Qxf3 e4 20.Bxe4 Bxe4 21.Qxe4 Rfe8
22.Rad1 Bd6 23.Qd5 Rxe1+ 24.Rxe1 Qc7 25.Rd1 Bf8 26.a4 Qb6 27.Qf3 Re8 28.Rd7 Re7
29.Rxe7 Bxe7 30.Kg2 Qc7 31.Qd5 Bf6 32.Bxf6 gxf6 33.Kh3 b6 34.Kg4 Kg7 35.Kh5 Qc8
36.h4 f5 37.Qe5+ Kh7 38.g4 Qc6  0-1

[Event "40th Olympiad Open"]
[Site "Istanbul TUR"]
[Date "2012.09.01"]
[Round "5.60"]
[White "Constantinou,Pa"]
[Black "Ozenir,Ekin Baris"]
[Result "1-0"]
[WhiteElo "2064"]
[BlackElo "1542"]

1.g3 d5 2.Nf3 g6 3.Bg2 Bg7 4.d4 c5 5.c3 Nc6 6.O-O Nf6 7.dxc5 a5 8.Nbd2 O-O
9.Nd4 e6 10.e4 Nxd4 11.cxd4 dxe4 12.Nc4 Bd7 13.Re1 Bc6 14.Bf4 Ne8 15.Nb6 Ra7
16.Bxe4 Qxd4 17.Qxd4 Bxd4 18.Bb8 Ra6 19.Bxc6 bxc6 20.Nd7 Ra8 21.Bf4 Bxb2
22.Rab1 Ba3 23.Red1 Rd8 24.Nxf8 Rxd1+ 25.Rxd1 Kxf8 26.Bd6+ Nxd6 27.Rxd6 Bxc5
28.Rxc6 Bb4 29.Rc7 h5 30.Kf1 Kg7 31.Ke2 Kf6 32.Kd3 e5 33.Ke4 Ke6 34.Rc6+ Bd6
35.Ra6 f5+ 36.Kd3 Kd5 37.Rxa5+  1-0

[Event "40th Olympiad Open"]
[Site "Istanbul TUR"]
[Date "2012.09.01"]
[Round "5.15"]
[White "Pantsulaia,L"]
[Black "Nguyen Duc Hoa"]
[Result "1/2-1/2"]
[WhiteElo "2575"]
[BlackElo "2505"]

1.Nf3 d5 2.g3 Nf6 3.Bg2 g6 4.c4 c6 5.b3 Bg7 6.Bb2 O-O 7.d3 Bg4 8.Nbd2 Nbd7
9.O-O a5 10.Qc2 e6 11.Rac1 Qe7 12.a3 Rfd8 13.Rfe1 Bxf3 14.Nxf3 Ne8 15.cxd5 Bxb2
16.Qxb2 exd5 17.Bh3 Qf6 18.Qd2 Ne5 19.Nxe5 Qxe5 20.a4 Nc7 21.d4 Qd6 22.e4 dxe4
23.Rxe4 Re8 24.Rxe8+ Nxe8 25.Rc5 Nf6 26.Bg2 Kg7 27.Qc3 Rd8 28.d5 Qe7 29.Rxa5 b6
30.Ra6 Qb7 31.Bf1 Rxd5 32.Qb4 Nd7 33.Be2 Re5 34.Bc4 Qb8 35.Qc3 Kg8 36.Bf1 Rc5
37.Qe3 Re5 38.Qc3 Rc5 39.Qe3 Re5 40.Qc3  1/2-1/2

[Event "40th Olympiad Open"]
[Site "Istanbul TUR"]
[Date "2012.09.01"]
[Round "5.17"]
[White "Dizdarevic,E"]
[Black "Al Sayed,Mohamad"]
[Result "1-0"]
[WhiteElo "2499"]
[BlackElo "2517"]

1.Nf3 d5 2.g3 Bg4 3.Ne5 Bf5 4.Bg2 f6 5.Nf3 e5 6.c4 d4 7.O-O c6 8.d3 a5 9.Nh4 Be6
10.e3 Bc5 11.exd4 Bxd4 12.Nc3 Ne7 13.Ne2 Bb6 14.b3 O-O 15.Bb2 Bg4 16.h3 Bxe2
17.Qxe2 Qd7 18.Rad1 c5 19.f4 exf4 20.gxf4 Nbc6 21.f5 Bc7 22.Be4 a4 23.bxa4 Rxa4
24.a3 Be5 25.Bc1 Nd4 26.Qg2 b5 27.Kh1 Rf7 28.cxb5 Nxb5 29.Nf3 Bc7 30.Qc2 Nd6
31.Nh4 Nxe4 32.dxe4 Qc6 33.Rfe1 Qa8 34.Ng2 c4 35.Rd4 Qa6 36.Ne3 Qb7  1-0

[Event "3rd Oliver Gonzalez Mem Open A"]
[Site "Madrid ESP"]
[Date "2012.09.01"]
[Round "1.6"]
[White "Anton Guijarro,D"]
[Black "Castelllanos,J"]
[Result "1-0"]
[WhiteElo "2546"]
[BlackElo "2201"]

1.Nf3 d5 2.g3 Nf6 3.Bg2 e6 4.O-O Be7 5.d3 Nc6 6.c4 O-O 7.cxd5 exd5 8.a3 Re8
9.Nbd2 Bd6 10.b3 Qe7 11.Re1 Bg4 12.Bb2 Ne5 13.Qc2 Rad8 14.b4 a6 15.Nxe5 Bxe5
16.Nb3 c6 17.Nd4 Bb8 18.h3 Bc8 19.e4 Ba7 20.e5 Bxd4 21.Bxd4 Nd7 22.f4 Nf8
23.Bb6 f5 24.exf6 Qxe1+ 25.Rxe1 Rxe1+ 26.Kf2 Rde8 27.fxg7 Ne6 28.f5 Nxg7
29.g4 Nxf5 30.gxf5 Bxf5 31.Qd2 R1e6 32.Bc5 Bg6 33.Bf3 Rf6 34.Kg3 Bf7 35.h4 h5
36.Bd4  1-0

[Event "37th Trade Fair Open A"]
[Site "Brno CZE"]
[Date "2012.09.02"]
[Round "9"]
[White "Strebkovs,A"]
[Black "Pokorny,P"]
[Result "1-0"]
[WhiteElo "2345"]
[BlackElo "2216"]

1.Nf3 d5 2.g3 c6 3.Bg2 e6 4.d3 Nf6 5.O-O Nbd7 6.Nbd2 Be7 7.e4 dxe4 8.dxe4 e5
9.b3 O-O 10.Bb2 Qc7 11.Qe2 Re8 12.Nc4 Bf8 13.a4 a5 14.Rfd1 b5 15.axb5 cxb5
16.Ne3 Ba6 17.Nd5 Nxd5 18.exd5 b4 19.Qd2 Bd6 20.Ng5 Nf6 21.Ne4 Nxe4 22.Bxe4 Rac8
23.Bf5 Rb8 24.Ra2 g6 25.Bh3 Qc5 26.Rda1 Bc7 27.Bg2 Red8 28.Re1 Re8 29.h4 h5
30.Bc1 Rbd8 31.Qg5 Rxd5 32.Be3 Qc3 33.Bxd5 Qxe1+ 34.Kh2 Kg7 35.Qh6+ Kf6 36.Qg5+ Kg7
37.Qh6+ Kf6 38.Bxf7 Kxf7 39.Qh7+ Kf6 40.Qxc7 Be2 41.Rxa5 Bf3 42.Bg5+  1-0

[Event "40th Olympiad Open"]
[Site "Istanbul TUR"]
[Date "2012.09.03"]
[Round "6.34"]
[White "Teterev,V"]
[Black "Faisal,Ab"]
[Result "1-0"]
[WhiteElo "2528"]
[BlackElo "2245"]

1.Nf3 d5 2.g3 g6 3.Bg2 Bg7 4.O-O e5 5.d3 Ne7 6.e4 O-O 7.c3 Nbc6 8.b4 dxe4
9.dxe4 Qxd1 10.Rxd1 Be6 11.Be3 Rad8 12.Nbd2 f6 13.Bf1 Nc8 14.b5 N6e7 15.c4 h6
16.c5 Rd7 17.c6 bxc6 18.bxc6 Rdd8 19.Rdc1 Rf7 20.Nb3 Nb6 21.Ne1 Rff8 22.Nc5 Bf7
23.Na6 Na8 24.Bxa7 f5 25.Bg2 Be8 26.Nb4 Rf6 27.Rd1 Rxd1 28.Rxd1 Nxc6 29.Bc5 Nd4
30.exf5 Nb6 31.fxg6 Bxg6 32.Ned3 Na4 33.Nd5 Ra6 34.Ne7+ Kh7 35.Nxg6 Kxg6
36.Bb4 c5 37.Be4+ Kf6 38.Nxc5 Nxc5 39.Bxc5 Rxa2 40.Bxd4 exd4 41.Rxd4 Ke5
42.Rc4 Re2 43.Bf3 Rd2 44.Kf1 Bf8 45.Re4+ Kf6 46.Rf4+ Kg7 47.Bh5 Bc5 48.Rf7+ Kg8
49.Rf5 Bd4 50.Kg2 Rb2 51.h4 Rd2 52.Rf4 Kg7 53.Kf1 Bc5 54.Be2 Rb2 55.Rc4 Bb6
56.Re4 Bc5 57.Kg2 Rd2 58.f4 Bd4 59.Kf3 Bf6 60.Rc4 Rd7 61.Kg4 Ra7 62.Rc5 Re7
63.Bc4 Ra7 64.Bd5 Bd4 65.Rc2 Rd7 66.Be6 Ra7 67.Rd2 Bf6 68.Rd3 Rc7 69.Kh5 Ra7
70.g4 Rc7 71.Rb3 Ra7 72.Rb8 Bd4 73.g5 hxg5 74.hxg5 Ra5 75.f5 Kh7 76.Rb7+  1-0